000 00549nam a2200217Ia 4500
003 OSt
005 20220924153642.0
006 a|||||r|||| 00| 0
007 ta
008 220923b |||||||| |||| 00| 0 urd d
024 _a351102
037 _cTextual
040 _aARTS
_cARTS
_burd
041 _2urd
_aurd
082 _aO168, M2
100 _aAamir Mohammad Yaqoob Au.
_9229441
245 0 _aUrdu ke adbi muarke
260 _c1982
942 _hO168, M2
_cTEXL
_2CC
999 _c474334
_d474334